| 000 | 00663nam a2200217Ia 4500 | ||
|---|---|---|---|
| 003 | IN-BaIIA | ||
| 008 | 211028s9999 xx 000 0 eng d | ||
| 040 | _cIIA Library | ||
| 080 |
_a514 _bBOR |
||
| 100 |
_aBorchardt, W. G. _912782 |
||
| 245 | 2 |
_aA new trigonometry for schools _cW. G. Borchardt and A. D. Perrott |
|
| 250 | _a8th ed | ||
| 260 |
_aLondon _bBell & Sons _c1912 |
||
| 300 | _aviii, 400p. | ||
| 500 | _aDonated by Mrs. Bappu | ||
| 650 | _aAstronomy and Astrophysics Thesaurus | ||
| 650 | _aTrigonometry | ||
| 650 |
_aTrigonometry Functions _912783 |
||
| 700 |
_aPerrott, A. D. _912784 |
||
| 942 | _cBK | ||
| 999 |
_c7512 _d7512 |
||